Joueurs de la Juventus par image - Aléatoire - Statistiques

Statistiques générales
  • Ce quiz a été pris 212 fois
  • Le résultat moyen est 9 sur 16
Statistiques - réponses
Par images Hint Réponse % Correct
France Adrien Rabiot
100%
Italie Alessandro Del Piero
100%
Argentine Angel Di Maria
100%
France Didier Deschamps
100%
Italie Gianluigi Buffon
100%
Argentine Paulo Dybala
100%
France Thierry Henry
100%
Chili Arturo Vidal
96%
Argentine Carlos Tévez
95%
Bosnie-Herzégovine Miralem Pjanic
95%
Italie Moise Kean
95%
France Paul Pogba
95%
France Zinédine Zidane
95%
Suède Zlatan Ibrahimovic
95%
Espagne Alvaro Morata
94%
Italie Andrea Pirlo
93%
France Blaise Matuidi
93%
République tchèque Pavel Nedved
93%
États-Unis Timothy Weah
93%
France Képhren Thuram
92%
France Michel Platini
92%
France Patrice Évra
92%
Brésil Gleison Bremer
91%
Colombie Juan Cuadrado
91%
Argentine Gonzalo Higuain
90%
Croatie Mario Mandzukic
90%
Brésil Alex Sandro
89%
Portugal Cristiano Ronaldo
89%
Brésil Douglas Costa
89%
Italie Federico Chiesa
89%
Allemagne Sami Khedira
88%
Serbie Filip Kostic
86%
Italie Giorgio Chiellini
86%
France Kingsley Coman
86%
France Lilian Thuram
86%
États-Unis Weston McKennie
86%
Brésil Dani Alves
85%
Italie Leonardo Bonucci
85%
Serbie Dusan Vlahovic
81%
Pays-Bas Erwin Van der Sar
81%
Italie Manuel Locatelli
81%
Italie David Trézéguet
80%
Italie Fabio Cannavaro
80%
Pays-Bas Teun Koopmeiners
80%
Pays-Bas Matthijs De Ligt
79%
France Pierre Kalulu
79%
Pays-Bas Edgar Davids
78%
Italie Roberto Baggio
78%
Suède Dejan Kulusevski
77%
Pologne Wojciech Szczęsny
75%
Maroc Mehdi Benatia
74%
Brésil Danilo
73%
Portugal Francisco Conceição
68%
Italie Filippo Inzaghi
67%
France Patrick Vieira
66%
Pays de Galles Aaron Ramsey
65%
Italie Antonio Conte
65%
Italie Claudio Marchisio
64%
Juventus Andrea Barzagli
63%
Italie Dino Zoff
63%
Brésil Douglas Luiz
63%
Italie Federico Bernardeschi
63%
Turquie Kenan Yildiz
60%
Danemark Michael Laudrup
57%
Pays de Galles Ian Rush
53%
Uruguay Rodrigo Bentancur
53%
Italie Andrea Cambiaso
50%
Espagne Fernando Llorente
50%
Italie Gianluca Zambrotta
50%
Uruguay Martin Caceres
50%
Italie Mattia Perin
50%
Italie Michele Di Gregorio
50%
Ghana Kwadwo Asamoah
48%
Italie Christian Vieri
46%
Italie Federico Gatti
45%
Argentine Nico Gonzalez
42%
Italie Fabio Grosso
38%
Italie Mauro Camoranesi
36%
Suisse Stephan Lichtsteiner
35%
Italie Gianluca Vialli
31%
Mali Mohamed Sissoko
31%
Monténégro Mirko Vucinic
29%
Italie Fabrizio Ravanelli
27%
Italie Alessandro Matri
26%
Italie Luca Toni
24%
Italie Fabio Quagliarella
23%
Roumanie Adrian Mutu
22%
Italie Vincenzo Iaquinta
20%
Italie Simone Pepe
19%
Italie Ciro Ferrara
18%
Brésil Emerson
17%
Italie Gianluca Pessotto
17%
Italie Gaetano Scirea
13%
Brésil/Italie José Altafini
13%
Italie Stefano Tacconi
13%
Italie Angelo Perruzzi
12%
Argentine/Italie Omar Sivori
12%
Uruguay Paolo Montero
12%
Italie Salvatore Schillaci
9%
Italie Dino Baggio
8%
Italie Marco Tardelli
8%
Pologne Zbigniew Boniek
7%
Italie Giampiero Boniperti
6%
Croatie Igor Tudor
6%
Italie Claudio Gentile
5%
Uruguay Marcelo Zalayeta
5%
Italie Paolo Rossi
4%
Italie Alessio Tacchinardi
0%
Italie Angelo Di Livio
0%
Italie Antonio Cabrini
0%
Italie Giuseppe Furino
0%
Bosnie-Herzégovine Hasan Salihamidžić
0%
Pays de Galles John Charles
0%
Espagne Luis del Sol
0%
Italie Michele Padovano
0%
Portugal Paulo Sousa
0%
Italie Pietro Anastasi
0%
Italie Roberto Bettega
0%
Italie Sergio Brio
0%
Yougoslavie (Serbie) Vladimir Jugovic
0%
Aucun quiz correspondant
Distribution des résultats
% des personnes avec chaque résultat
Percentile par nombre de réponses
Votre historique - résultats
Vous n’avez pas pris ce quiz